[Event "Tamanduá Bandeira"]
[Site "http://www.queenalice.com/game.php?id=1209016"]
[Date "2013.8.17"]
[Round "-"]
[White "marconems"]
[Black "geopivas"]
[Result "1-0"]
[WhiteElo "1754"]
[BlackElo "1489"]

1. d4 d5 2. Nc3 Nf6 3. Nf3 Nc6 4. e3 a6 5. a3 b5 6. h3 b4 7. Na4 e6 8. Nc5 Bd6
9. Bd3 h6 10. Bd2 e5 11. dxe5 Nxe5 12. Bxb4 O-O 13. Nxe5 Bxe5 14. c3 Re8 15. a4
d4 16. O-O dxc3 17. Bxc3 Bxc3 18. bxc3 g6 19. Re1 Qe7 20. Qf3 Ra7 21. Rab1 Nd7
22. Nb3 Ne5 23. Qe4 Bb7 24. Qd4 Nxd3 25. Qxa7 Qf6 26. Rf1 Qc6 27. f3 Ra8 28. Qd4
Qd6 29. Qxd6 cxd6 30. f4 Re8 31. Nc1 Nc5 32. Nd3 Nxd3 33. Rxb7 Rxe3 34. Rb6 h5
35. Rxd6 Nc5 36. Rd5 Nxa4 37. Ra5 Nxc3 38. Rxa6 Kg7 39. f5 gxf5 40. Rxf5 Re1+
41. Kh2 Re6 42. Rxe6 fxe6 43. Rxh5 Ne4 44. Re5 Ng5 45. Rxg5+ Kf6 46. Ra5 e5 47.
g4 e4 48. Kg2 e3 49. Kf1 e2+ 50. Kxe2 Kg6 51. h4 Kf6 52. h5 Ke6 53. Rf5 Kd6 54.
h6 Ke6 55. h7 Kd6 56. h8=Q Kc6 57. Qh6+ Kd7 58. Rf7+ Ke8 59. Qf8# 1-0

[Event "Aula 1"]
[Site "http://www.queenalice.com/game.php?id=1211646"]
[Date "2013.8.27"]
[Round "-"]
[White "marconems"]
[Black "rafaelmatos20"]
[Result "1-0"]
[WhiteElo "1759"]
[BlackElo "1100"]

1. e4 Nf6 2. Nc3 Nc6 3. Nf3 e5 4. Bc4 h6 5. h3 d6 6. a3 Be6 7. Bxe6 fxe6 8. d4
exd4 9. Nxd4 Qe7 10. Nxc6 bxc6 11. b4 d5 12. O-O Qd6 13. Re1 Qe5 14. Qd3 Rd8 15.
f4 Qh5 16. exd5 cxd5 17. Rxe6+ Kf7 18. f5 g6 19. Ra6 gxf5 20. Rxa7 Rd7 21. Qb5
d4 22. Ne2 Rd5 23. Qc4 Bd6 24. Bf4 Rd8 25. Bxd6 Qg5 26. Rxc7+ Kg6 27. Nf4+ Qxf4
28. Bxf4 d3 29. cxd3 Ne8 30. Rc8 Rd4 31. Qg8+ Ng7 32. Rxd8 Rxf4 33. Rd6+ Kg5 34.
Qxg7+ Kh4 35. Rxh6# 1-0

[Event "Pépéca"]
[Site "http://www.queenalice.com/game.php?id=1211847"]
[Date "2013.8.27"]
[Round "-"]
[White "marconems"]
[Black "geopivas"]
[Result "1-0"]
[WhiteElo "1783"]
[BlackElo "1489"]

1. e4 Nc6 2. Nf3 e5 3. Nc3 Nf6 4. h3 a6 5. Bc4 Bb4 6. Nd5 O-O 7. Nxb4 d6 8. Nxc6
bxc6 9. d3 h6 10. O-O Qe7 11. a3 d5 12. exd5 cxd5 13. Bb3 Bb7 14. Re1 e4 15. Ba2
Qd6 16. dxe4 dxe4 17. Qxd6 cxd6 18. Nd4 Rfe8 19. Bf4 Rad8 20. Rad1 d5 21. c4 Nh5
22. Bh2 g6 23. cxd5 Rd7 24. Bb3 Ba8 25. Ba4 Rde7 26. Bxe8 Rxe8 27. Nc6 Rc8 28.
Ne7+ Kg7 29. Nxc8 Nf6 30. Be5 Kf8 31. Bxf6 g5 32. Rxe4 Bb7 33. Nd6 Bxd5 34. Re8#
1-0

[Event "Challenge"]
[Site "http://www.queenalice.com/game.php?id=1214982"]
[Date "2013.9.7"]
[Round "-"]
[White "marconems"]
[Black "rafaelmatos20"]
[Result "1-0"]
[WhiteElo "1787"]
[BlackElo "1443"]

1. e4 d5 2. e5 d4 3. Nf3 Nc6 4. c3 e6 5. cxd4 Nxd4 6. Nxd4 Qxd4 7. Qe2 Bc5 8.
Nc3 f5 9. Qe3 f4 10. Qxd4 Bxd4 11. Bc4 Bxe5 12. O-O f3 13. g3 Ne7 14. Re1 Bd4
15. Nb5 Bb6 16. d4 c6 17. Nd6+ Kd7 18. Nxc8 Raxc8 19. Bxe6+ Kd8 20. Bxc8 Kxc8
21. Rxe7 Kd8 22. Bg5 Bxd4 23. Rd1 c5 24. Rxb7+ Kc8 25. Rxa7 Kb8 26. Rd7 Kc8 27.
Rf7 h6 28. Be3 Bxb2 29. Bxc5 Re8 30. Rf8 Rxf8 31. Bxf8 Kb7 32. Rb1 1-0

[Event "Jundiaí"]
[Site "http://www.queenalice.com/game.php?id=1216456"]
[Date "2013.9.12"]
[Round "-"]
[White "rafaelmatos20"]
[Black "marconems"]
[Result "0-1"]
[WhiteElo "1443"]
[BlackElo "1789"]

1. e4 e5 2. Nf3 Nc6 3. Nc3 Nf6 4. Bc4 h6 5. d3 Bb4 6. O-O Bxc3 7. bxc3 O-O 8. h3
d5 9. Ba3 Re8 10. exd5 Nxd5 11. Qe1 Nf4 12. Qe4 Na5 13. Nxe5 Nxc4 14. dxc4 Ng6
15. f4 Nxe5 16. fxe5 Qd2 17. Bb4 a5 18. Rad1 Qg5 19. Bc5 Rxe5 20. Rd8+ Qxd8 21.
Qxe5 f6 22. Qd5+ Qxd5 23. cxd5 b6 24. Re1 bxc5 25. Re8+ Kh7 26. g4 Bb7 27. Rxa8
Bxa8 28. c4 Bb7 29. Kf2 Ba6 30. c3 Bxc4 31. a3 g5 32. Kg1 Bxd5 33. Kf2 Kg7 34.
Kg1 Kf7 35. Kf2 Ke6 36. Kg3 Ke5 37. Kf2 Ke4 0-1

[Event "AUTO-ADV-2956"]
[Site "http://www.queenalice.com/game.php?id=1216710"]
[Date "2013.9.13"]
[Round "1"]
[White "RDario"]
[Black "marconems"]
[Result "0-1"]
[WhiteElo "1917"]
[BlackElo "1791"]

1. c4 e5 2. Nc3 Nf6 3. d3 Nc6 4. Nf3 Bb4 5. a3 Bxc3+ 6. bxc3 h6 7. e4 d6 8. Be2
b6 9. Qc2 Bb7 10. O-O O-O 11. d4 Re8 12. d5 Ne7 13. Nh4 a5 14. Qd3 Bc8 15. Qg3
Nxe4 16. Qf3 Ng5 17. Bxg5 hxg5 18. Qh5 gxh4 19. f4 g6 20. Qxh4 Nf5 21. Qf2 exf4
22. Bg4 Ne3 23. Qxf4 Nxf1 24. Rxf1 Re7 25. Qf6 Bxg4 26. h3 Be2 27. Rf2 Bxc4 28.
h4 Re1+ 29. Kh2 Qxf6 30. Rxf6 Bxd5 31. Kh3 Rae8 32. Rf4 R8e3+ 33. Kg4 Kg7 34. g3
Be6+ 0-1

[Event "AUTO-ADV-2956"]
[Site "http://www.queenalice.com/game.php?id=1216711"]
[Date "2013.9.13"]
[Round "1"]
[White "marconems"]
[Black "RDario"]
[Result "0-1"]
[WhiteElo "1832"]
[BlackElo "1896"]

1. e4 d6 2. d4 h6 3. Nc3 Nf6 4. h3 Nbd7 5. Nf3 c6 6. Bc4 g5 7. e5 dxe5 8. dxe5
Nh5 9. O-O Nb6 10. Bb3 Be6 11. Bxe6 fxe6 12. Qxd8+ Rxd8 13. Be3 Nf4 14. Bxf4
gxf4 15. Rad1 Nd5 16. Nxd5 exd5 17. c4 h5 18. Ng5 Bh6 19. Ne6 Rd7 20. cxd5 cxd5
21. Nc5 Rc7 22. b4 b6 23. Na6 Rd7 24. Nb8 Rb7 25. Nc6 e6 26. b5 Rg8 27. Rd4 Rbg7
28. f3 Rxg2+ 29. Kh1 R8g3 30. Ra4 Rb2 31. Nd4 Rxh3+ 32. Kg1 Rhh2 33. Rc1 Rxa2
34. Rxa7 Rxa7 35. Kxh2 Kd7 36. Rc6 Ra2+ 37. Kg1 Bf8 38. Rxe6 Bc5 39. Kf1 Bxd4
40. Rh6 Rf2+ 41. Ke1 Rxf3 42. Rxh5 Re3+ 43. Kd2 Rxe5 44. Rh6 f3 45. Rh1 Kd6 46.
Rf1 f2 47. Kd3 Bc5 48. Kc2 Re1 49. Rxf2 Bxf2 0-1

[Event "AUTO-ADV-2956"]
[Site "http://www.queenalice.com/game.php?id=1216726"]
[Date "2013.9.13"]
[Round "1"]
[White "AfeuLira"]
[Black "marconems"]
[Result "1-0"]
[WhiteElo "2059"]
[BlackElo "1820"]

1. Nf3 Nc6 2. e4 e5 3. Bb5 Nd4 4. Nxd4 exd4 5. O-O c6 6. Be2 Bd6 7. d3 h6 8. f4
Ne7 9. Bg4 Bb4 10. a3 Bc5 11. Nd2 d5 12. e5 Nf5 13. Nb3 Bb6 14. Bxf5 Bxf5 15.
Qf3 O-O 16. g4 Bh7 17. f5 g6 18. Bxh6 Re8 19. fxg6 Bxg6 20. Rae1 c5 21. Qf4 c4
22. Bg5 Qd7 23. Bf6 Bd8 24. Nxd4 Bxf6 25. exf6 cxd3 26. Nf5 Qc6 27. cxd3 Rxe1
28. Rxe1 Qxf6 29. Ne7+ Kg7 30. Qxf6+ Kxf6 31. Nxd5+ Kg5 32. h3 Bxd3 33. Kg2 Rc8
34. Nc3 Bg6 35. Re7 Rc4 36. Kg3 f5 37. h4+ Kh6 38. gxf5 Bxf5 39. Rxb7 Rg4+ 40.
Kf3 Rxh4 41. Rxa7 Rc4 42. a4 Kg6 43. a5 Rb4 44. Ra6+ Kf7 45. Rb6 Rxb6 46. axb6
Bc8 47. Ke4 Bb7+ 48. Ke5 Ke7 49. Nb5 Kd7 50. Nd6 Kc6 51. Nxb7 Kxb7 52. Kd5 Kxb6
53. Kc4 Ka5 54. Kc5 Ka6 55. b4 Kb7 56. Kb5 Ka7 57. Kc6 Ka6 58. b5+ Ka7 59. Kc7
Ka8 60. Kb6 Kb8 61. Ka6 Kc7 62. Ka7 Kd6 63. b6 Ke5 64. b7 Ke4 65. b8=Q Kf3 66.
Qe5 Kg2 67. Qf4 Kh1 68. Qg4 Kh2 69. Kb6 Kh1 70. Kc5 Kh2 71. Kd4 Kh1 72. Ke3 Kh2
73. Kf2 1-0

[Event "AUTO-ADV-2956"]
[Site "http://www.queenalice.com/game.php?id=1216727"]
[Date "2013.9.13"]
[Round "1"]
[White "marconems"]
[Black "AfeuLira"]
[Result "0-1"]
[WhiteElo "1825"]
[BlackElo "2089"]

1. e4 c5 2. d4 cxd4 3. Qxd4 Nc6 4. Qd1 e6 5. Nf3 Nf6 6. Nc3 Bb4 7. Bd2 d5 8.
exd5 Nxd5 9. Nxd5 Qxd5 10. Bxb4 Qxd1+ 11. Rxd1 Nxb4 12. Bb5+ Nc6 13. Ne5 Ke7 14.
Bxc6 bxc6 15. Nxc6+ Kf6 16. O-O Bb7 17. Nd4 Rab8 18. Rfe1 a5 19. a4 Rhc8 20. c3
Bd5 21. Nb5 Bb3 22. Nd6 Bxd1 23. Nxc8 Bxa4 24. Nd6 Rxb2 25. Nc4 Rc2 26. Nxa5
Rxc3 27. f4 Bb3 28. Nxb3 Rxb3 29. g4 Rb2 30. h4 h5 31. g5+ Kf5 32. Rf1 Kg4 33.
Rc1 Kxh4 34. Rc7 Kg3 35. Kf1 Kxf4 36. Rxf7+ Kxg5 37. Rxg7+ Kf4 38. Rf7+ Ke4 39.
Rh7 Rh2 40. Kg1 Rh4 41. Kg2 Rg4+ 42. Kh3 Rg5 43. Kh4 Rf5 44. Ra7 e5 45. Ra4+ Kf3
46. Ra3+ Kf4 47. Ra4+ e4 48. Ra1 e3 49. Ra4+ Kf3 50. Rg4 Rf4 51. Rxf4+ Kxf4 52.
Kh3 Kf3 53. Kh4 e2 54. Kxh5 e1=Q 55. Kg5 Qe5+ 56. Kg6 Qf4 57. Kg7 Ke4 58. Kg6
Ke5 59. Kh5 Qg3 60. Kh6 Kf6 0-1

[Event "AUTO-ADV-2956"]
[Site "http://www.queenalice.com/game.php?id=1216736"]
[Date "2013.9.13"]
[Round "1"]
[White "BigRezi"]
[Black "marconems"]
[Result "0-1"]
[WhiteElo "1767"]
[BlackElo "1843"]

1. e4 e5 2. Nf3 Nc6 3. Bb5 Nd4 4. Ba4 Bd6 5. Nc3 Nf6 6. d3 Bb4 7. Bd2 O-O 8. a3
Bd6 9. O-O h6 10. Nxd4 exd4 11. Ne2 Bc5 12. f4 d5 13. e5 Ng4 14. Qe1 Bd7 15.
Bxd7 Qxd7 16. h3 Ne3 17. Bxe3 dxe3 18. b4 Bb6 19. Rd1 c5 20. d4 cxb4 21. axb4 a5
22. Ra1 a4 23. c3 f6 24. Ng3 Qb5 25. Qxe3 f5 26. Ne2 Qc4 27. e6 Qb3 28. e7 Rfe8
29. Qe6+ Kh8 30. Qxb6 Rxe7 31. Rfe1 Rae8 32. Kf1 a3 33. Qa5 Qc4 34. Qc5 Qb3 35.
Rab1 Qc2 36. Ra1 Rxe2 37. Rxe2 Rxe2 38. Qxd5 a2 39. Qf3 Rd2 40. Kg1 Qb1+ 41.
Rxb1 axb1=Q+ 42. Kh2 Qe4 43. Qf1 Rc2 44. c4 Qxd4 45. c5 Rf2 46. Qb5 Qxf4+ 0-1

[Event "AUTO-ADV-2956"]
[Site "http://www.queenalice.com/game.php?id=1216737"]
[Date "2013.9.13"]
[Round "1"]
[White "marconems"]
[Black "BigRezi"]
[Result "1-0"]
[WhiteElo "1829"]
[BlackElo "1781"]

1. e4 d6 2. d4 Nf6 3. Nc3 g6 4. Nf3 Bg7 5. h3 O-O 6. Bc4 Nbd7 7. a3 c5 8. d5 a6
9. O-O b5 10. Be2 Nb6 11. b3 Bd7 12. e5 dxe5 13. Nxe5 Rc8 14. Bb2 Qc7 15. Nxd7
Nbxd7 16. Bf3 Nb6 17. Re1 c4 18. b4 Rfe8 19. a4 Rcd8 20. Qc1 Nfxd5 21. Nxd5 Nxd5
22. axb5 axb5 23. Bxg7 Kxg7 24. Ra5 Qb6 25. Re5 e6 26. Qa1 Qc7 27. Rxd5+ Kg8 28.
Rxd8 Rxd8 29. Rxb5 c3 30. Rc5 Qf4 31. Qxc3 Qc1+ 32. Kh2 Qf4+ 33. g3 Rf8 34. gxf4
1-0

[Event "Aula 3"]
[Site "http://www.queenalice.com/game.php?id=1219964"]
[Date "2013.9.26"]
[Round "-"]
[White "marconems"]
[Black "rafaelmatos20"]
[Result "1-0"]
[WhiteElo "1812"]
[BlackElo "1395"]

1. d4 Nf6 2. Nc3 d5 3. Nf3 Nc6 4. Bg5 Bf5 5. Bxf6 Nb4 6. e4 dxe4 7. Nxe4 exf6 8.
a3 Bxe4 9. Bd3 Nxd3+ 10. cxd3 Bc6 11. O-O Qd5 12. Re1+ Be7 13. b4 a5 14. h3 axb4
15. axb4 Rxa1 16. Qxa1 O-O 17. Rxe7 Qd8 18. Re3 Re8 19. Rxe8+ Qxe8 20. Nd2 h6
21. Nc4 b5 22. Na5 Qa8 23. f3 Bd5 24. Qc1 c6 25. Qe3 Qa7 26. g4 Kf8 27. h4 g5
28. hxg5 fxg5 29. f4 f6 30. fxg5 hxg5 31. Qf2 Kf7 32. Kf1 Qd7 33. Qg3 f5 34. Qh3
f4 35. Qh7+ Ke8 36. Qg6+ Bf7 37. Qxg5 Qxd4 38. Qf5 Qa1+ 39. Kf2 Qa2+ 40. Kf3
Qd5+ 41. Qxd5 cxd5 42. Kxf4 Bg6 43. d4 Ke7 44. Nc6+ Kf6 45. g5+ Ke6 46. Ne5 Bf5
47. g6 Kf6 48. g7 Be6 49. Nc6 Bd7 50. g8=Q Bxc6 51. Qf8+ Ke6 52. Qf5+ Kd6 53.
Qc8 Bd7 54. Qc5+ Ke6 55. Qb6+ Ke7 56. Ke5 Ke8 57. Kxd5 Ke7 58. Kc5 Ke8 59. d5
Ke7 60. d6+ Ke6 61. Qd8 Bc6 62. Kxc6 Ke5 63. d7 Ke6 64. Qe8+ Kf5 65. d8=Q Kf4
66. Qf6+ Kg4 67. Qeg6+ Kh3 68. Qh8# 1-0

[Event "Challenge"]
[Site "http://www.queenalice.com/game.php?id=1224962"]
[Date "2013.10.16"]
[Round "-"]
[White "rafaelmatos20"]
[Black "marconems"]
[Result "0-1"]
[WhiteElo "1432"]
[BlackElo "1819"]

1. e4 e5 2. Nf3 Nc6 3. Na3 Nf6 4. Nc4 d6 5. d3 Nd4 6. Nxd4 exd4 7. e5 dxe5 8.
Nxe5 Qe7 9. Bf4 Ng4 10. Be2 Nxe5 11. O-O Bf5 12. Re1 O-O-O 13. Bf3 f6 14. h3 Qb4
15. g4 Bg6 16. Bxe5 fxe5 17. Rxe5 Bd6 18. a3 Qxb2 19. Qb1 Qxb1+ 20. Rxb1 Bxe5
21. Bxb7+ Kd7 22. Rb5 Rb8 23. Rd5+ Ke6 24. f4 Bxf4 25. Bc6 Rhd8 26. Rc5 Bd6 27.
Rd5 Bh2+ 28. Kxh2 Rxd5 29. c4 Rc5 30. Ba4 Ra5 31. Bc6 Rxa3 32. Be4 Bxe4 33. dxe4
Rb2+ 34. Kg1 Ra1# 0-1

[Event "Challenge"]
[Site "http://www.queenalice.com/game.php?id=1225517"]
[Date "2013.10.18"]
[Round "-"]
[White "marconems"]
[Black "rafaelmatos20"]
[Result "1-0"]
[WhiteElo "1821"]
[BlackElo "1475"]

1. e4 e5 2. Nf3 Nc6 3. d4 Nxd4 4. Nxd4 exd4 5. Qxd4 Nf6 6. Bg5 c5 7. Qd2 h6 8.
Bf4 Nxe4 9. Qe3 d5 10. Nc3 Qa5 11. O-O-O Be7 12. Nxd5 Bf5 13. Nc7+ Qxc7 14. Bxc7
O-O 15. f3 Rac8 16. fxe4 Bg4 17. Be2 Bg5 18. Bf4 Bxe2 19. Rd2 Bb5 20. Bxg5 hxg5
21. Qxg5 f6 22. Qd5+ Kh8 23. Qxb7 a6 24. c4 Rb8 25. Qc7 Bxc4 26. Rd7 Be6 27.
Rxg7 Rg8 28. Rh7# 1-0

[Event "p** nenhuma"]
[Site "http://www.queenalice.com/game.php?id=1231056"]
[Date "2013.11.9"]
[Round "-"]
[White "marconems"]
[Black "rafaelmatos20"]
[Result "1-0"]
[WhiteElo "1823"]
[BlackElo "1411"]

1. d4 d5 2. Nc3 Nc6 3. Nf3 Nf6 4. Bf4 a6 5. e3 Bf5 6. a3 h6 7. Bd3 e6 8. Bxf5
exf5 9. h3 Ne4 10. Nxe4 fxe4 11. Ne5 Nxe5 12. Bxe5 f6 13. Bg3 Qd7 14. Qh5+ 1-0

[Event "Pra não ficar triste"]
[Site "http://www.queenalice.com/game.php?id=1237529"]
[Date "2013.12.4"]
[Round "-"]
[White "marconems"]
[Black "rafaelmatos20"]
[Result "1-0"]
[WhiteElo "1814"]
[BlackElo "1455"]

1. d4 e6 2. e4 e5 3. dxe5 Nc6 4. Nf3 Bc5 5. Bg5 f6 6. exf6 gxf6 7. Bh4 Qe7 8. e5
Nxe5 9. Nxe5 Qxe5+ 10. Qe2 d6 11. Bg3 Qxe2+ 12. Bxe2 Bf5 13. c4 Bb4+ 14. Nc3
O-O-O 15. O-O Nh6 16. Nd5 a5 17. Nxb4 axb4 18. Rad1 Rhe8 19. Rd2 Bg6 20. h3 Nf7
21. Bh4 Ng5 22. Bg4+ Kb8 23. Bxg5 fxg5 24. Rfd1 h5 25. Bf3 Bf7 26. c5 Rc8 27.
cxd6 cxd6 28. Rxd6 Kc7 29. Rd7+ Kb8 30. Rxb7+ Ka8 31. Rdd7 Rc1+ 32. Kh2 Be6 33.
Ra7+ Kb8 34. Rdb7+ Kc8 35. Ra8# 1-0

[Event "Challenge"]
[Site "http://www.queenalice.com/game.php?id=1239998"]
[Date "2013.12.14"]
[Round "-"]
[White "marconems"]
[Black "rafaelmatos20"]
[Result "1-0"]
[WhiteElo "1816"]
[BlackElo "1490"]

1. d4 e6 2. Nf3 Bb4+ 3. c3 Bd6 4. e4 c5 5. d5 e5 6. c4 Nf6 7. Nc3 O-O 8. h3 h6
9. Be2 a5 10. Nb5 Qe7 11. Nh4 Nxe4 12. Nf5 Qf6 13. Nbxd6 Nxd6 14. Nxd6 Qxd6 15.
O-O b6 16. a3 a4 17. b4 cxb4 18. axb4 Qxb4 19. Ba3 Qc3 20. Bxf8 Kxf8 21. Rxa4
Ba6 22. Qd3 Qxd3 23. Bxd3 d6 24. Rd1 Nd7 25. Rb1 Nc5 26. Ra3 Rb8 27. f4 e4 28.
Bxe4 Bxc4 29. Bc2 Bxd5 30. Rd1 Bc4 31. Rxd6 b5 32. Rc6 Ne6 33. Bb3 b4 34. Bxc4
bxa3 35. Bxe6 a2 36. Bxa2 1-0

[Event "Challenge"]
[Site "http://www.queenalice.com/game.php?id=1240955"]
[Date "2013.12.18"]
[Round "-"]
[White "rafaelmatos20"]
[Black "marconems"]
[Result "0-1"]
[WhiteElo "1496"]
[BlackElo "1819"]

1. e4 e5 2. Nf3 Nc6 3. Bb5 a6 4. Bxc6 dxc6 5. Nxe5 Nf6 6. Nc3 Bc5 7. h3 Be6 8.
d4 Bxd4 9. Nf3 Bxc3+ 10. bxc3 Qxd1+ 11. Kxd1 Nxe4 12. Ke1 Nxc3 13. Bb2 Nd5 14.
c4 Nf6 15. Ne5 O-O 16. f3 Rfe8 17. Ke2 Bxc4+ 18. Kf2 Bb5 19. Rhe1 Rad8 20. Kg1
h6 21. a4 Bd3 22. Nxd3 Rxd3 23. Be5 Re7 24. Rac1 Red7 25. f4 b5 26. axb5 cxb5
27. Ra1 c5 28. Rxa6 b4 29. Rd6 R7xd6 30. Bxd6 Rxd6 31. g3 b3 32. g4 c4 33. g5
hxg5 34. fxg5 Nh5 35. Re8+ Kh7 36. Rf8 b2 37. Rxf7 b1=Q+ 38. Kg2 Qe4+ 39. Rf3
Rd2+ 40. Kh1 Qxf3+ 41. Kg1 Qd1# 0-1

[Event "Challenge"]
[Site "http://www.queenalice.com/game.php?id=1243071"]
[Date "2013.12.27"]
[Round "-"]
[White "rafaelmatos20"]
[Black "marconems"]
[Result "0-1"]
[WhiteElo "1488"]
[BlackElo "1822"]

1. e4 e5 2. Nf3 Nc6 3. Bb5 a6 4. Bxc6 dxc6 5. Nxe5 Qe7 6. d4 Nf6 7. Nc3 c5 8.
O-O cxd4 9. Qxd4 Qc5 10. Be3 Qxd4 11. Bxd4 Ng4 12. Nd5 Bd6 13. f4 O-O 14. h3 Nf6
15. Rae1 Nxd5 16. exd5 Bxe5 17. fxe5 Re8 18. d6 cxd6 19. exd6 Rxe1 20. Rxe1 Be6
21. Bb6 Re8 22. Rd1 Bd7 23. c4 Re2 24. c5 Rxb2 25. Re1 Be6 26. Rxe6 fxe6 27. d7
Rd2 28. d8=Q+ Rxd8 29. Bxd8 Kf8 30. Bc7 Ke7 31. Bd6+ Kd7 32. Be5 g6 33. g4 b5
34. Kg2 b4 35. Kg3 a5 36. Kf4 a4 37. Kg5 Kc6 38. Kh6 Kxc5 39. Kxh7 Kd5 40. Bg3
b3 41. axb3 axb3 42. Kxg6 b2 43. g5 b1=Q+ 44. Kh5 Qh7+ 45. Kg4 Qg6 46. h4 e5 47.
Bf2 Ke6 48. Bb6 Qf5+ 49. Kh5 Qh7+ 50. Kg4 e4 51. Bd8 e3 52. Bf6 e2 53. h5 Qf5+
54. Kh4 e1=Q# 0-1

[Event "Challenge"]
[Site "http://www.queenalice.com/game.php?id=1244003"]
[Date "2013.12.30"]
[Round "-"]
[White "lincolnalberto"]
[Black "marconems"]
[Result "0-1"]
[WhiteElo "1350"]
[BlackElo "1825"]

1. d4 d5 2. Nc3 Nf6 3. Nf3 Nc6 4. Bf4 a6 5. a3 Bg4 6. Ne5 Bd7 7. e3 e6 8. g4 Ne4
9. Qd3 Bd6 10. Nxe4 dxe4 11. Qxe4 Nxe5 12. Bxe5 Bc6 13. d5 Bxd5 14. Qd4 Bxh1 15.
Bxd6 Qxd6 16. Qxg7 O-O-O 17. Qd4 Qxd4 18. exd4 Rxd4 19. h3 Re4+ 20. Kd2 Rd8+ 21.
Bd3 Bf3 22. Re1 Rxe1 23. Kxe1 f5 24. g5 Be4 25. Bxe4 fxe4 26. h4 h5 27. Ke2 Rf8
28. Ke3 e5 29. c4 Rf4 30. g6 Rg4 31. b4 Rxg6 32. Kxe4 Rg4+ 33. Kxe5 Rxh4 34. f4
Rg4 35. f5 h4 36. f6 Rg1 37. f7 Rf1 38. Ke6 h3 39. Ke7 h2 40. f8=Q+ Rxf8 41.
Kxf8 h1=Q 42. Ke7 Qe4+ 43. Kf6 Qxc4 44. Kf5 Qd3+ 45. Ke5 Qxa3 46. Kf5 Qxb4 47.
Ke5 a5 48. Kf5 a4 49. Ke5 a3 50. Kf5 a2 51. Ke5 Qd6+ 52. Kf5 a1=Q 53. Ke4 Qae5+
54. Kf3 Qb4 55. Kf2 Qec3 56. Ke2 Qbb2+ 57. Kf1 Qcc1# 0-1

[Event "Challenge"]
[Site "http://www.queenalice.com/game.php?id=1245201"]
[Date "2014.1.4"]
[Round "-"]
[White "marconems"]
[Black "lincolnalberto"]
[Result "1-0"]
[WhiteElo "1827"]
[BlackElo "1348"]

1. e4 Nc6 2. Nf3 Nf6 3. Nc3 e5 4. Bc4 Nxe4 5. Nxe4 d5 6. Bb5 dxe4 7. Nxe5 Qd5 8.
Nxc6 bxc6 9. Ba4 Qd4 10. Bxc6+ Bd7 11. Bxa8 Bb5 12. Qg4 Bc5 13. Qxe4+ Qxe4+ 14.
Bxe4 O-O 15. d3 Bb4+ 16. c3 Bd6 17. O-O Re8 18. Re1 Bxd3 19. Bxh7+ Kf8 20. Rxe8+
Kxe8 21. Bxd3 Bxh2+ 22. Kxh2 f5 23. Bxf5 g6 24. Bxg6+ Ke7 25. Bg5+ Kf8 26. Re1
Kg7 27. Bd3 Kf7 28. Bd8 Kf8 29. Bxc7 Kg7 30. Re6 Kf7 31. Bc4 Kg8 32. Re7+ Kf8
33. Bd6 a5 34. Be6 a4 35. Ra7+ Ke8 36. Ra8# 1-0

[Event "Challenge"]
[Site "http://www.queenalice.com/game.php?id=1245994"]
[Date "2014.1.7"]
[Round "-"]
[White "lincolnalberto"]
[Black "marconems"]
[Result "0-1"]
[WhiteElo "1377"]
[BlackElo "1856"]

1. e4 e5 2. d4 Nc6 3. Nf3 d6 4. d5 Nd4 5. Nxd4 exd4 6. Qxd4 Nf6 7. e5 dxe5 8.
Qxe5+ Qe7 9. Qxe7+ Bxe7 10. Bb5+ Bd7 11. Bxd7+ Nxd7 12. O-O O-O-O 13. Re1 Bc5
14. Re7 Bxe7 15. Nc3 Nf6 16. Be3 Nxd5 17. Nxd5 Rxd5 18. Bxa7 b6 19. h3 Kb7 20.
Re1 Bd6 21. c4 Rd2 22. Bxb6 cxb6 23. Rb1 Be5 24. Re1 f6 25. g3 Rhd8 26. Kf1 Rd1
27. b3 Bc3 28. Rxd1 Rxd1+ 29. Ke2 Rd2+ 30. Ke3 Rxa2 31. Kd3 Be5 32. f4 Bd6 33.
Kc3 g5 34. fxg5 fxg5 35. Kd3 Bxg3 36. Kc3 Rh2 37. Kb4 Bd6+ 38. Kc3 Rxh3+ 39. Kb2
g4 40. Kc2 g3 41. Kb2 g2 42. Kc2 g1=R 43. Kb2 Rg2+ 44. Kb1 Rh1# 0-1

[Event "Challenge"]
[Site "http://www.queenalice.com/game.php?id=1327426"]
[Date "2014.12.11"]
[Round "-"]
[White "rafaelmatos20"]
[Black "marconems"]
[Result "0-1"]
[WhiteElo "1622"]
[BlackElo "1858"]

1. e4 e5 2. Nf3 Nc6 3. d4 f6 4. d5 Nd4 5. Nxd4 exd4 6. Qxd4 b6 7. b3 Bc5 8. Qd3
d6 9. Be3 Bxe3 10. Qxe3 Nh6 11. Bb5+ Bd7 12. Bxd7+ Qxd7 13. O-O Ng4 14. Qe2 O-O
15. h3 Ne5 16. f4 Ng6 17. Nc3 a6 18. f5 Ne5 19. g4 c6 20. a4 b5 21. a5 Qa7+ 22.
Kg2 Qd4 23. Na2 cxd5 24. Rad1 Qxe4+ 25. Qxe4 dxe4 26. Rxd6 Rfd8 27. Rxd8+ Rxd8
28. Nc3 Rd2+ 29. Rf2 e3 30. Rxd2 exd2 31. Kf2 b4 32. Nd1 Kf7 33. Ke2 Ke7 34.
Kxd2 Nf3+ 35. Kd3 Ng1 36. Nf2 Kd6 37. Kc4 Nf3 38. Ne4+ Kc6 39. Kxb4 Kd5 40. Nc5
Nd4 41. c4+ Kc6 42. Nxa6 Nf3 43. Nc5 Ng1 44. a6 Kb6 45. Ka3 Nxh3 46. b4 Nf2 47.
b5 Nxg4 48. Ne6 Ne5 49. Kb3 h5 50. c5+ Ka7 51. Nxg7 h4 52. Ne8 h3 53. Nc7 Nc6
54. b6+ Kb8 55. Nd5 h2 56. Nxf6 h1=Q 57. Nd7+ Ka8 58. Kc4 Qe4+ 59. Kb5 Nb8 60.
b7+ Ka7 61. Nxb8 Kxb8 62. Kb6 Qb4+ 63. Kc6 Qa5 64. a7+ Qxa7 65. f6 Qa6+ 66. Kd5
Qxf6 67. c6 Kc7 68. Kc5 Qxc6+ 69. Kd4 Qxb7 70. Kc5 Qe4 71. Kb5 Qc2 72. Kb4 Kc6
73. Ka5 Qb1 74. Ka4 Kc5 75. Ka3 Kc4 76. Ka4 Qa1# 0-1